000 00910nam a2200253Ia 4500
003 OSt
005 20221005111650.0
006 a|||||r|||| 00| 0
007 ta
008 221004b |||||||| |||| 00| 0 hin d
020 _cIndian Rupees
024 _a27664
037 _bGift, 02/09/2016,
_cTextual
040 _aCRL
_cCRL
_bhin
041 _2hin
_ahin
082 _aX621.2'N9, 152Q4
245 0 _aभारतीय रिजर्व बैक का संक्षिप्त इतिहास 1935-1981
246 _aBhāratīya rijarva baik kā sankṣhipta itihās 1935-1981
260 _aपुणे
_bकृड्ढि बैकिंग महाविद्यालय भारत
_c2014
300 _a266पृ0
_ccm.
650 _aअर्थशास्त्र
942 _hX621.2'N9, 152Q4
_cTEXL
_2cc
999 _c1022507
_d1022507